| 000 | 00827nam a22002057a 4500 | ||
|---|---|---|---|
| 999 |
_c18640 _d18640 |
||
| 003 | AR-CdUCM | ||
| 008 | 190506b ||||| |||| 00| 0 spa d | ||
| 040 |
_aMUNICIPALIDAD PROVINCIAL DEL CUSCO _cBIBLIOTECA MUNICIPAL DEL CUSCO |
||
| 082 |
_a985.0059 / _bC84 |
||
| 100 |
_aCosta Villavicencio, Lázaro _924582 |
||
| 245 |
_aHistoria cronológica del Perú : _baños 1700 - 1799 / |
||
| 260 | _aLima : | ||
| 300 |
_a160 páginas ; _bretrato, _c25 cm. |
||
| 505 | _aContenido: Muerte de los Almagristas que asaltaron el palacio de la Gobernación -- Batalla de Iñaquito -- Diego Centeno -- Huanuco iglesias y conventos -- Primeros puentes sobre el río Rímac -- Virreyes de Mejico ... | ||
| 650 |
_aPerú _935 |
||
| 650 |
_aHistoria _9136 |
||
| 650 |
_aVirreinato _96280 |
||
| 942 |
_2ddc _cLIBROS |
||
| 945 |
_adavv _d2019-05-14 |
||